00485nam a2200145Ia 4500008004100000245008000041260002600121260000900147300000800156650002600164650001200190856004500202999001900247952007300266170516s9999 xx 000 0 und d aBiparametric versus multiparametric MRI in the diagnosis of prostate cancer bActa Radiologica Open c2016 a5:8 xRadiologic Technology xRadtech uhttp://journals.sagepub.com/toc/arrb/5/8 c332201d332201 001040aCLbCLd2017-05-16l0r2017-05-16 00:00:00w2017-05-16yFOJ